<?xml version="1.0" encoding="UTF-8"?>
<record
    xmlns:xsi="http://www.w3.org/2001/XMLSchema-instance"
    xsi:schemaLocation="http://www.loc.gov/MARC21/slim http://www.loc.gov/standards/marcxml/schema/MARC21slim.xsd"
    xmlns="http://www.loc.gov/MARC21/slim">

  <leader>01315nas a2200277 a 4500</leader>
  <controlfield tag="001">000078493</controlfield>
  <controlfield tag="005">20200120224320.0</controlfield>
  <controlfield tag="008">111219c2015    ck wr1p       0    0spa d</controlfield>
  <datafield tag="015" ind1=" " ind2=" ">
    <subfield code="a">S</subfield>
    <subfield code="b">S</subfield>
    <subfield code="c">S</subfield>
  </datafield>
  <datafield tag="245" ind1="1" ind2="0">
    <subfield code="a">Buen diagn&#xF3;stico :</subfield>
    <subfield code="b">Radiograf&#xED;a del sector de la salud y su papel protag&#xF3;nico en el bienestar de los colombianos /</subfield>
    <subfield code="c">director Mauricio Bayona ; jefe de redacci&#xF3;n Mauricio S&#xE1;enz ; editora general : Ana Maritza Villalba Castro.</subfield>
  </datafield>
  <datafield tag="260" ind1=" " ind2=" ">
    <subfield code="a">Bogot&#xE1; :</subfield>
    <subfield code="b">Publicaciones Semana,</subfield>
    <subfield code="c">2015.</subfield>
  </datafield>
  <datafield tag="300" ind1=" " ind2=" ">
    <subfield code="a">146 p. :</subfield>
    <subfield code="b">il., fots., col.</subfield>
  </datafield>
  <datafield tag="310" ind1=" " ind2=" ">
    <subfield code="a">Irregular</subfield>
  </datafield>
  <datafield tag="500" ind1=" " ind2=" ">
    <subfield code="a">Subt&#xED;tulo tomado de la caratula</subfield>
  </datafield>
  <datafield tag="500" ind1=" " ind2=" ">
    <subfield code="a">Publicaci&#xF3;n especial de la revista semana (Abril 2015)</subfield>
  </datafield>
  <datafield tag="650" ind1="1" ind2="4">
    <subfield code="a">Medicina</subfield>
    <subfield code="z">Bogot&#xE1; (Colombia)</subfield>
    <subfield code="v">Publicaciones seriadas.</subfield>
  </datafield>
  <datafield tag="650" ind1="2" ind2="4">
    <subfield code="a">Tecnolog&#xED;a m&#xE9;dica</subfield>
    <subfield code="z">Bogot&#xE1;(Colombia)</subfield>
    <subfield code="v">Publicaciones seriadas.</subfield>
  </datafield>
  <datafield tag="650" ind1="2" ind2="4">
    <subfield code="a">Radiograf&#xED;as</subfield>
    <subfield code="z">Bogot&#xE1;(Colombia)</subfield>
    <subfield code="v">Publicaciones seriadas.</subfield>
  </datafield>
  <datafield tag="651" ind1="1" ind2="4">
    <subfield code="a">Bogot&#xE1;(Colombia)</subfield>
    <subfield code="x">Cl&#xED;nicas</subfield>
    <subfield code="v">Publicaciones seriadas.</subfield>
  </datafield>
  <datafield tag="651" ind1="1" ind2="4">
    <subfield code="a">Bogot&#xE1;(Colombia)</subfield>
    <subfield code="x">Aspectos sociales</subfield>
    <subfield code="v">Publicaciones seriadas.</subfield>
  </datafield>
  <datafield tag="651" ind1=" " ind2="4">
    <subfield code="a">Bogot&#xE1; (Colombia)</subfield>
    <subfield code="x">Salud</subfield>
    <subfield code="v">Publicaciones seriadas.</subfield>
  </datafield>
  <datafield tag="651" ind1=" " ind2="4">
    <subfield code="a">Bogot&#xE1; (Colombia)</subfield>
    <subfield code="x">Cirug&#xED;as</subfield>
    <subfield code="v">Publicaciones seriadas.</subfield>
  </datafield>
  <datafield tag="700" ind1="1" ind2=" ">
    <subfield code="a">Bayona, Mauricio,</subfield>
    <subfield code="e">directora</subfield>
  </datafield>
  <datafield tag="700" ind1="1" ind2=" ">
    <subfield code="a">S&#xE1;ez, Mauricio.</subfield>
  </datafield>
  <datafield tag="700" ind1="1" ind2=" ">
    <subfield code="a">Villalba Castro,Ana Maritza</subfield>
    <subfield code="e">editora.</subfield>
  </datafield>
  <datafield tag="999" ind1=" " ind2=" ">
    <subfield code="c">8963</subfield>
    <subfield code="d">8963</subfield>
  </datafield>
</record>
